000 00545cam a22002057a 4500
001 000171
003 armpunfd
005 20140612090601.0
008 011019e1976####xx#a##########000#0#und#d
040 _aarmpunfd
_carmpunfd
080 _a341.9 Z 82
100 1 0 _a Zuccherino, Ricardo Miguel
245 1 0 _aDerecho internacional privado
260 _a La Plata
_b Lex
_c1976
300 _a599 p.
650 7 _a Derecho Internacional Privado
_2LEMB
700 1 0 _aRapallini, Liliana E.
942 _cLB
_2cdu
945 _aCatalis
_d2010-08-19
999 _c169
_d230673